000 00754nam a2200265Ia 4500
001 1026
003 GE_BSU
008 181216s||||||||xx |||||||||||||| ||und||
020 _a5272003918
040 _cGE_BSU
080 _a612.821(075.8)
245 _aПсихофизиология.
245 _bУч-к для студ. высш. учебн. завед. по спец."Психология
245 _cПод ред. Ю.И.Александрова
250 _a2-е перераб.
260 _aСПБ
260 _bПитер
260 _c2001
300 _a495стр.
541 _h20л.
653 _aПсихология
653 _aПсихофизиология.
653 _aფსიქოლოგია
942 _cBK
999 _c35181
_d35181